Statistics for Fast typing - Numbers 1-12 word form

Click here to take the quiz!

General Stats

  • This quiz has been taken 24 times
  • The average score is 11 of 12

Answer Stats

Answer% Correct
Eight
100%
Five
100%
Four
100%
Nine
100%
One
100%
Seven
100%
Six
100%
Three
100%
Two
100%
Ten
75%
Eleven
70%
Twelve
65%

Score Distribution

Percentile by Number Answered

Percent of People with Each Score

Your Score History

You have not taken this quiz